000 00632nam a2200169 i 4500
001 46887
003 ES-MaACL
005 20230906161450.0
007 t|
008 030401s1959 sp ||||1| spa d
110 2 _aOrganización Sindical Española.
_96077
245 1 0 _aPolítica de salarios
_b: sistemas de retribución del trabajo : declaración de principios y recomendaciones formuladas por la Comisión de Estudio.
260 _aMadrid :
_bConsejo Social de la Organización Sindical Española,
_c1959 (
_fPueblo)
300 _a118 p. ;
_c27 cm.
650 0 4 _aSalarios-
_zEspaña.
_916968
852 _aES-MaACL
_jP-1067
_bR.46241
999 _c46887
_d46887